Catálogo
 En Linea

Introducción al latín vulgar / (Registro nro. 2208)

Detalles MARC
000 -CABECERA
campo de control de longitud fija 00675cam a2200205 a 4500
001 - NÚMERO DE CONTROL
campo de control 000002366
003 - IDENTIFICADOR DEL NÚMERO DE CONTROL
campo de control DO-SdBNP
005 - FECHA Y HORA DE LA ÚLTIMA TRANSACCIÓN
campo de control 20250410095900.0
008 - DATOS DE LONGITUD FIJA--INFORMACIÓN GENERAL
campo de control de longitud fija 850624s1952 sp b 001 0 spa
040 ## - FUENTE DE LA CATALOGACIÓN
Centro catalogador/agencia de origen DO-SdBNP
Lengua de catalogación spa
Centro/agencia transcriptor BNPHU
082 #4 - NÚMERO DE LA CLASIFICACIÓN DECIMAL DEWEY
Número de clasificación 477.1
Número de documento/Ítem G752i, 1952
Número de edición 22
100 1# - ENTRADA PRINCIPAL--NOMBRE DE PERSONA
Nombre de persona Grandegent, C. H. (Charles Hall)
Fechas asociadas al nombre 1862-1939
9 (RLIN) 87408
245 10 - MENCIÓN DE TÍTULO
Título Introducción al latín vulgar /
Mención de responsabilidad, etc. C. H. Grandegent, traducción de Francisco de B. Moll.
250 ## - MENCIÓN DE EDICIÓN
Mención de edición 2a ed.
260 ## - PUBLICACIÓN, DISTRIBUCIÓN, ETC.
Lugar de publicación, distribución, etc. Madrid :
Nombre del editor, distribuidor, etc. Fotográfica,
Fecha de publicación, distribución, etc. 1952.
300 ## - DESCRIPCIÓN FÍSICA
Extensión 384 p. :
Otras características físicas ilustraciones, mapas. ;
Dimensiones 20 cm.
650 #4 - PUNTO DE ACCESO ADICIONAL DE MATERIA--TÉRMINO DE MATERIA
Término de materia o nombre geográfico como elemento de entrada Latín vulgar
9 (RLIN) 7524
700 1# - PUNTO DE ACCESO ADICIONAL--NOMBRE DE PERSONA
Nombre de persona Moll., Francisco de B.
Término indicativo de función/relación traductor
9 (RLIN) 87409
942 ## - ELEMENTOS DE PUNTO DE ACCESO ADICIONAL (KOHA)
Fuente del sistema de clasificación o colocación Dewey Decimal Classification
Tipo de ítem Koha Libro
Existencias
Estado de retiro Estado de pérdida Restricciones de uso No para préstamo Código de colección Localización permanente Ubicación/localización actual Ubicación en estantería Fecha de adquisición Número de inventario Total de préstamos Signatura topográfica completa Código de barras Fecha visto por última vez Precio válido a partir de Tipo de ítem Koha
    Préstamo interno   Monografías: Libros y Folletos General General En catalogación 09.07.2009 LF1   477.1 G752i, 1952 2366-10 25.06.2020 25.06.2020 Préstamo interno

Con tecnología Koha